[Event "31. Münsterland Open"]
[Site "Senden"]
[Date "2013.10.27"]
[Round "3.9"]
[White "Seegers, Hendrik"]
[Black "Woestmann, Ulrich"]
[Result "1-0"]
[WhiteElo "2222"]
[BlackElo "2031"]
[PlyCount "112"]
[EventDate "2013.??.??"]

1. d4 Nf6 2. Nf3 g6 3. c4 Bg7 4. Nc3 d5 5. e3 O-O 6. cxd5 Nxd5 7. Bc4 Nxc3 8.
bxc3 c5 9. O-O Qc7 10. Qe2 Bg4 11. Ba3 Nd7 12. Rac1 Qa5 13. Qb2 Bxf3 14. gxf3
Nb6 15. Be2 cxd4 16. cxd4 Qg5+ 17. Kh1 Rfe8 18. Qb5 Qf6 19. f4 Qe6 20. Bf3 Rab8
21. Bxb7 Qxa2 22. Bc6 Nd7 23. Qa4 Nb6 24. Qxa7 Rec8 25. Bb7 Rd8 26. Ra1 Qe6 27.
Bf3 Nd5 28. Bc5 Rb3 29. Ra6 Qf5 30. Bxe7 Re8 31. Ra3 Qd3 32. Rfa1 Nxe7 33. Rxb3
Qxb3 34. Qd7 Qb8 35. Kg2 Qc8 36. Qb5 Rf8 37. Ra8 Qe6 38. Ra6 Qc8 39. d5 Nf5 40.
Be4 Nh4+ 41. Kg3 h5 42. h3 Nf5+ 43. Kg2 Rd8 44. Qa5 Re8 45. d6 Qd8 46. d7 Qxd7
47. Bc6 Qd1 48. Bxe8 Nxe3+ 49. Kg3 Nf5+ 50. Kh2 Qf3 51. Bxf7+ Kxf7 52. Qa2+ Kf8
53. Ra8+ Ke7 54. Ra7+ Kd6 55. Qa6+ Kc5 56. Rc7+ Kd4 1-0

[Event "31. Münsterland Open"]
[Site "Senden"]
[Date "2013.10.27"]
[Round "3.10"]
[White "Kammers, Heribert"]
[Black "Mock, Oskar"]
[Result "1-0"]
[WhiteElo "2168"]
[BlackElo "2010"]
[PlyCount "69"]
[EventDate "2013.??.??"]

1. Nf3 Nf6 2. b3 b6 3. g3 Bb7 4. Bg2 e6 5. c4 Nc6 6. Bb2 Be7 7. O-O O-O 8. Nc3
Rb8 9. d4 d5 10. cxd5 exd5 11. Rc1 Re8 12. Ne5 Na5 13. Qd3 c5 14. dxc5 bxc5 15.
Rfd1 d4 16. Bxb7 Rxb7 17. Na4 Qd5 18. Nc4 Nc6 19. Ba3 Rd7 20. Nd2 Ne5 21. Qf5
g6 22. Qh3 d3 23. Nc3 Qc6 24. e4 Rd4 25. f4 Neg4 26. e5 Ne3 27. exf6 Nxd1 28.
Rxd1 Bxf6 29. Qg2 Qc8 30. Nf3 Qg4 31. Bxc5 Re2 32. Nxe2 dxe2 33. Rxd4 Qxf3 34.
Qxf3 e1=Q+ 35. Kg2 1-0

[Event "31. Münsterland Open"]
[Site "Senden"]
[Date "2013.10.29"]
[Round "4.1"]
[White "Ackermann, Hans Werner"]
[Black "Molinaroli, Martin"]
[Result "1-0"]
[WhiteElo "2308"]
[BlackElo "2289"]
[PlyCount "159"]
[EventDate "2013.??.??"]

1. Nf3 g6 2. g3 Bg7 3. Bg2 c5 4. d4 cxd4 5. Nxd4 Nc6 6. Nxc6 bxc6 7. O-O Nf6 8.
c4 O-O 9. Qa4 Qb6 10. Qa3 Qd4 11. Nd2 Re8 12. Rb1 d5 13. cxd5 cxd5 14. Nb3 Qc4
15. Bg5 e6 16. Bxf6 Bxf6 17. e4 Be7 18. Qa5 Bd8 19. Qe1 dxe4 20. Rc1 Qa4 21.
Bxe4 Rb8 22. Bc6 Qxa2 23. Bxe8 Qxb3 24. Qc3 Ba6 25. Rfd1 Qxc3 26. bxc3 Bb6 27.
Bd7 Bc4 28. Ba4 Kg7 29. Bc2 Rc8 30. Bd3 h5 31. Bxc4 Rxc4 32. Rd3 h4 33. Kg2
hxg3 34. hxg3 g5 35. Re1 Kg6 36. Re2 Kf6 37. Rb2 Ra4 38. Rc2 Rc4 39. Kf1 Kf5
40. Rf3+ Kg6 41. Rd3 Kg7 42. Rd7 Kg6 43. Ke2 Rc5 44. c4 Re5+ 45. Kf1 Rc5 46. g4
Re5 47. Rd3 Rc5 48. Rb3 Rc7 49. Ke2 Bd4 50. Rb5 Bc5 51. Kd3 Kf6 52. Re2 Rd7+
53. Kc3 Rc7 54. Kb3 Rc6 55. Kc3 Rc7 56. f3 Bd6 57. Re4 Bc5 58. Kd3 Rd7+ 59. Kc2
Rc7 60. Kc3 Rc6 61. Kb3 Bb6 62. Ka4 Rc7 63. Kb4 Bf2 64. c5 Ke7 65. Kc4 f6 66.
Re2 Bg3 67. Reb2 Kd7 68. Rb7 Kc6 69. Rxc7+ Bxc7 70. Rb1 Be5 71. Rh1 a5 72. Rh8
Bc7 73. Re8 Kd7 74. Ra8 f5 75. Kb5 fxg4 76. fxg4 e5 77. Rg8 Bd8 78. c6+ Ke7 79.
Rg7+ Ke8 80. c7 1-0

[Event "31. Münsterland Open"]
[Site "Senden"]
[Date "2013.10.29"]
[Round "4.2"]
[White "Müller, Martin"]
[Black "Pähtz, Thomas"]
[Result "1-0"]
[WhiteElo "2100"]
[BlackElo "2401"]
[PlyCount "59"]
[EventDate "2013.??.??"]

1. e4 e5 2. Nf3 Nc6 3. d4 exd4 4. Bc4 Nf6 5. e5 d5 6. Bb5 Ne4 7. Nxd4 Bd7 8.
Bxc6 bxc6 9. O-O Bc5 10. f3 Ng5 11. f4 Ne4 12. Nc3 Nxc3 13. bxc3 Bb6 14. Ba3 c5
15. Nb3 c4+ 16. Nd4 c5 17. e6 cxd4 18. exd7+ Kxd7 19. cxd4 Qf6 20. c3 Rhe8 21.
Qg4+ Kc6 {[%emt 0:00:14]} 22. Rae1 Re4 23. Rxe4 dxe4 24. Rb1 Re8 25. Qh5 Qe6
26. Qb5+ Kb7 27. Bc5 Qc6 28. Qxc4 Ka8 29. Qa6 Rb8 30. Rxb6 1-0

[Event "31. Münsterland Open"]
[Site "Senden"]
[Date "2013.10.29"]
[Round "4.3"]
[White "Hedke, Fred"]
[Black "Lenaerts, Lennert"]
[Result "1/2-1/2"]
[WhiteElo "2300"]
[BlackElo "2147"]
[PlyCount "72"]
[EventDate "2013.??.??"]

1. c4 e5 2. g3 Nf6 3. Bg2 Bc5 4. Nc3 c6 5. e3 O-O 6. Nge2 d5 7. cxd5 Nxd5 8. d4
exd4 9. exd4 Bb6 10. Nxd5 cxd5 11. O-O Nc6 12. Be3 Be6 13. Nf4 Qf6 14. Bxd5
Nxd4 15. Bxd4 Bxd4 16. Bxe6 fxe6 17. Qb3 Rf7 18. Qxe6 Bxb2 19. Rab1 Qxe6 20.
Nxe6 Bf6 21. Rfd1 Re8 22. Nf4 Rc8 23. Nd5 b6 24. Rd2 Kf8 25. h4 Rd8 26. Rbd1
Rfd7 27. Kg2 a5 28. a4 b5 29. axb5 a4 30. b6 a3 31. f4 Kf7 32. g4 Bc3 33. Rd3
Bb2 34. R3d2 Bc3 35. Rd3 Bb2 36. R3d2 Bc3 1/2-1/2

[Event "31. Münsterland Open"]
[Site "Senden"]
[Date "2013.10.29"]
[Round "4.4"]
[White "Sazanov, Nikolay E"]
[Black "Graf, Roland"]
[Result "1/2-1/2"]
[WhiteElo "2254"]
[BlackElo "2145"]
[PlyCount "129"]
[EventDate "2013.??.??"]

1. d4 Nf6 2. e3 g6 3. f4 Bg7 4. Nf3 O-O 5. c3 b6 6. Nbd2 Bb7 7. Bd3 c5 8. O-O
Nc6 9. Qe1 e6 10. Qh4 Nd5 11. Qf2 d6 12. a3 a5 13. Ng5 cxd4 14. exd4 Ba6 15.
Bxa6 Rxa6 16. Nc4 b5 17. Ne3 Nce7 18. Qf3 Nxe3 19. Bxe3 Nf5 20. Bf2 d5 21. Qh3
h6 22. Nf3 Nd6 23. Bh4 Qc7 24. Ne5 Ne4 25. Nd3 Rb6 26. Rad1 Ra6 27. Bf2 Raa8
28. Be3 h5 29. Bf2 Nd6 30. Qf3 Bf6 31. Rde1 Nc4 32. Re2 Kg7 33. h3 Rh8 34. Nc5
Qc6 35. Nd3 Qc7 36. Bg3 Qb6 37. Ne5 Qb7 38. Be1 Nd6 39. Nd3 Qc6 40. Bf2 Ne4 41.
Nc5 Nd6 42. Qd3 Nc4 43. Be1 Rab8 44. Rf3 Rbe8 45. Bf2 Bd8 46. Qd1 Nd6 47. Qe1
Nf5 48. Nd3 h4 49. Ne5 Qb7 50. Ng4 a4 51. Ne3 Nd6 52. Nc2 Ne4 53. Nb4 Rh5 54.
Nd3 Nd6 55. Nc5 Qc6 56. Re5 Nf5 57. Qd1 Bf6 58. Re2 Nd6 59. Nd3 Ne4 60. Ne5 Qb7
61. Rfe3 Rc8 62. Qe1 Be7 63. Nf3 Rhh8 64. Ne5 Qc7 65. Qd1 1/2-1/2

[Event "31. Münsterland Open"]
[Site "Senden"]
[Date "2013.10.29"]
[Round "4.5"]
[White "Beutelhoff, Josef"]
[Black "Seegers, Hendrik"]
[Result "1-0"]
[WhiteElo "2085"]
[BlackElo "2222"]
[PlyCount "105"]
[EventDate "2013.??.??"]

1. d4 Nf6 2. c4 e6 3. Nc3 b6 4. e4 Bb7 5. e5 Ne4 6. Nxe4 Bxe4 7. Ne2 Be7 8. Nc3
Bb7 9. Qg4 g6 10. Bh6 f5 11. exf6 Bxf6 12. O-O-O Qe7 13. Bd3 Nc6 14. Nd5 exd5
15. Rhe1 Be5 16. cxd5 Nxd4 17. Bxg6+ hxg6 18. Qxg6+ Qf7 19. Rxe5+ Ne6 20. Qxf7+
Kxf7 21. dxe6+ dxe6 22. Rd7+ Ke8 23. Rxc7 Bd5 24. Bf4 Rf8 25. g3 Rf7 26. Rxf7
Rc8+ 27. Kd2 Kxf7 28. b3 Rc5 29. Re3 Ra5 30. a4 Kf6 31. Bd6 Bc6 32. f4 Rd5+ 33.
Rd3 Rh5 34. h4 Bd5 35. Ke3 Kf5 36. Rc3 Rh7 37. b4 Rd7 38. Be5 Kg4 39. Rc7 Rxc7
40. Bxc7 Bb3 41. a5 bxa5 42. bxa5 Kxg3 43. h5 Kg4 44. h6 Bc2 45. a6 Kh5 46. Bb8
Kxh6 47. Bxa7 Kg6 48. Bb8 Bb3 49. Kd4 Kf7 50. Ke5 Bd1 51. Kd6 Bf3 52. Kd7 Bd5
53. Be5 1-0

[Event "31. Münsterland Open"]
[Site "Senden"]
[Date "2013.10.29"]
[Round "4.6"]
[White "Meertens, Martin"]
[Black "Darwisch, Khaled"]
[Result "1-0"]
[WhiteElo "2174"]
[BlackElo "2026"]
[PlyCount "84"]
[EventDate "2013.??.??"]

1. e4 d6 2. d4 g6 3. Nc3 Bg7 4. Nf3 Nc6 5. Be3 Bg4 6. Be2 e5 7. dxe5 Bxf3 8.
Bxf3 Nxe5 9. Be2 g5 10. Qd5 Ne7 11. Qxb7 Rb8 12. Qxa7 Rxb2 13. Qa4+ c6 14. O-O
N7g6 15. Rab1 Rxb1 16. Rxb1 O-O 17. Bd1 g4 18. Ne2 d5 19. Ng3 dxe4 20. Qxe4 f5
21. Nxf5 Qa5 22. Kf1 Qxa2 23. c3 Qc4+ 24. Qxc4+ Nxc4 25. Bb3 Nge5 26. Nxg7 Kxg7
27. Bxc4 Nxc4 28. Bd4+ Kg6 29. Ke2 Rd8 30. Rb7 h5 31. Rg7+ Kf5 32. Rh7 Kg6 33.
Rc7 Rd6 34. Kd3 Ne5+ 35. Ke4 Nf7 36. Kf4 Re6 37. h3 gxh3 38. gxh3 Rd6 39. Kg3
Nh6 40. Rg7+ Kf5 41. Kh4 Ke4 42. Kg5 Nf5 1-0

[Event "31. Münsterland Open"]
[Site "Senden"]
[Date "2013.10.29"]
[Round "4.7"]
[White "Jungbluth, Michael"]
[Black "Kammers, Heribert"]
[Result "1/2-1/2"]
[WhiteElo "2000"]
[BlackElo "2168"]
[PlyCount "48"]
[EventDate "2013.??.??"]

1. d4 d5 2. c4 e6 3. Nf3 Nf6 4. g3 Be7 5. Bg2 O-O 6. O-O c6 7. Nc3 Nbd7 8. Qc2
b6 9. e4 Nxe4 10. Nxe4 dxe4 11. Ne5 Nxe5 12. dxe5 Qc7 13. Bxe4 h6 14. b3 Bb7
15. Bb2 Rfd8 16. Rad1 c5 17. f4 Bxe4 18. Qxe4 Rxd1 19. Rxd1 Rd8 20. Rd3 Rd7 21.
Qa8+ Kh7 22. Qe4+ Kg8 23. Qa8+ Kh7 24. Qe4+ Kg8 1/2-1/2

[Event "31. Münsterland Open"]
[Site "Senden"]
[Date "2013.10.29"]
[Round "4.8"]
[White "Böhm, Jürgen"]
[Black "Bub, Volker"]
[Result "1/2-1/2"]
[WhiteElo "2158"]
[BlackElo "2103"]
[PlyCount "87"]
[EventDate "2013.??.??"]

1. d4 d6 2. e4 g6 3. Nc3 Bg7 4. f4 e6 5. Nf3 Ne7 6. Be3 b6 7. Be2 Bb7 8. Qd2 a6
9. g4 d5 10. e5 h5 11. gxh5 Rxh5 12. O-O-O Nf5 13. Bf2 Nd7 14. Ng5 Rh8 15. h4
Qe7 16. h5 Nf8 17. hxg6 Nxg6 18. Rxh8+ Bxh8 19. Bh5 O-O-O 20. Bxg6 fxg6 21. Rh1
Bg7 22. Rh7 Rh8 23. Rxh8+ Bxh8 24. Nd1 Bg7 25. Ne3 Bh6 26. Nxf5 gxf5 27. Bh4
Qe8 28. Qd1 Kb8 29. b3 a5 30. Kb2 a4 31. Be1 a3+ 32. Kxa3 Bxg5 33. fxg5 Qe7+
34. Kb2 Qxg5 35. Qf3 Qg1 36. Qf2 Qg4 37. Bd2 Ba6 38. Qf4 Qd1 39. Qf2 Qh1 40. a4
Bf1 41. a5 Qg2 42. Qxg2 Bxg2 43. axb6 cxb6 44. Bf4 1/2-1/2

[Event "31. Münsterland Open"]
[Site "Senden"]
[Date "2013.10.29"]
[Round "4.9"]
[White "Santos Brito, Daniel"]
[Black "Steinle, Carsten"]
[Result "1-0"]
[WhiteElo "1904"]
[BlackElo "2188"]
[PlyCount "47"]
[EventDate "2013.??.??"]

1. e4 e6 2. d4 d5 3. e5 c5 4. Nf3 cxd4 5. Bd3 Nc6 6. a3 Qc7 7. Qe2 a6 8. b4 Bd7
9. O-O Nge7 10. Bf4 h6 11. h3 Nc8 12. Nbd2 b5 13. Nb3 Nb6 14. Nfxd4 Nxd4 15.
Nxd4 Rc8 16. Qg4 Nc4 17. Bxc4 Qxc4 18. Be3 g6 19. f4 Be7 20. Rad1 Bd8 21. Rd3
Qa2 22. Rf2 Bb6 23. Qd1 O-O 24. Rb3 1-0

[Event "31. Münsterland Open"]
[Site "Senden"]
[Date "2013.10.29"]
[Round "4.10"]
[White "Ljuboschiz, Alexander"]
[Black "Ollech, Dirk"]
[Result "1-0"]
[WhiteElo "2161"]
[BlackElo "2009"]
[PlyCount "85"]
[EventDate "2013.??.??"]

1. e4 c5 2. Nf3 d6 3. d4 cxd4 4. Nxd4 Nf6 5. Nc3 a6 6. Bd3 Nc6 7. Nxc6 bxc6 8.
O-O g6 9. Qe2 Qc7 10. h3 Bg7 11. Bd2 O-O 12. Rae1 Nd7 13. b3 e5 14. Na4 d5 15.
f3 f5 16. c4 Bb7 17. cxd5 cxd5 18. Bb4 Rf7 19. Rc1 Qd8 20. exd5 a5 21. Bd2 Bxd5
22. Be3 Bf8 23. Rfd1 Be6 24. Bc4 Qf6 25. Bxe6 Qxe6 26. Qc4 Qxc4 27. Rxc4 Bb4
28. Bd2 Rb8 29. Bxb4 Rxb4 30. Rc8+ Kg7 31. Ra8 Rb5 32. Nb2 Nb8 33. Nc4 Re7 34.
Rxa5 Rxa5 35. Nxa5 e4 36. fxe4 fxe4 37. Kf2 Kf6 38. Ke3 Re5 39. Nc4 Re6 40. Rd4
Ra6 41. Rd6+ Kf5 42. Rxa6 Nxa6 43. Nd6+ 1-0

[Event "31. Münsterland Open"]
[Site "Senden"]
[Date "2013.10.30"]
[Round "5.1"]
[White "Müller, Martin"]
[Black "Ackermann, Hans Werner"]
[Result "1-0"]
[WhiteElo "2100"]
[BlackElo "2308"]
[PlyCount "69"]
[EventDate "2013.??.??"]

1. e4 c5 2. c3 b6 3. d4 Bb7 4. Bd3 Nf6 5. Qe2 cxd4 6. cxd4 Nc6 7. Nf3 Nb4 8.
Nc3 Nxd3+ 9. Qxd3 e6 10. O-O Be7 11. d5 Qc8 12. Re1 Bb4 13. Bg5 Ba6 14. Qd4 Bc5
15. Qa4 O-O 16. b4 Bd4 17. Nxd4 Qxc3 18. b5 Bb7 19. Rac1 Qa5 20. Qxa5 bxa5 21.
Rc7 Bc8 22. Bxf6 gxf6 23. Rec1 Re8 24. d6 Kg7 25. R1c3 Rb8 26. f4 a6 27. b6 Bb7
28. Rxd7 Bxe4 29. Rcc7 e5 30. Rxf7+ Kg8 31. Rg7+ Kh8 32. d7 Red8 33. Ne6 Bf5
34. Nxd8 Rxd8 35. Re7 1-0

[Event "31. Münsterland Open"]
[Site "Senden"]
[Date "2013.10.30"]
[Round "5.2"]
[White "Beutelhoff, Josef"]
[Black "Meertens, Martin"]
[Result "1/2-1/2"]
[WhiteElo "2085"]
[BlackElo "2174"]
[PlyCount "59"]
[EventDate "2013.??.??"]

1. d4 Nf6 2. c4 e6 3. Nc3 Bb4 4. Qc2 c5 5. dxc5 Bxc5 6. Nf3 Qb6 7. e3 Qc7 8. a3
b6 9. b4 Be7 10. Bd3 Bb7 11. e4 Nc6 12. Nb5 Qb8 13. Bb2 d6 14. O-O O-O 15. Rfe1
Ne5 16. Nxe5 dxe5 17. Nc3 a5 18. b5 Rd8 19. Na4 Qc7 20. Rad1 Nd7 21. f3 Nc5 22.
Nxc5 Bxc5+ 23. Kh1 Rd7 24. Be2 Rad8 25. Rxd7 Rxd7 26. Rd1 Bd4 27. Bc1 h6 28.
Bf1 Kf8 29. Be2 Kg8 30. Bf1 1/2-1/2

[Event "31. Münsterland Open"]
[Site "Senden"]
[Date "2013.10.30"]
[Round "5.3"]
[White "Peterwitz, Klaus"]
[Black "Hedke, Fred"]
[Result "1/2-1/2"]
[WhiteElo "2112"]
[BlackElo "2300"]
[PlyCount "59"]
[EventDate "2013.??.??"]

1. Nf3 d5 2. g3 Nf6 3. Bg2 Bf5 4. c4 e6 5. Qb3 Qc8 6. Nc3 c6 7. O-O Na6 8. d4
Nb4 9. Ne1 Be7 10. a3 Na6 11. Nf3 O-O 12. Bf4 h6 13. Rac1 Ne4 14. Nxe4 Bxe4 15.
Nd2 Bxg2 16. Kxg2 Qd7 17. Nf3 f6 18. h4 Rf7 19. h5 Re8 20. Qd3 Bd6 21. Bxd6
Qxd6 22. cxd5 exd5 23. e3 Nc7 24. Rh1 Ne6 25. Rce1 Ng5 26. Nh4 Ne4 27. Ng6 Qe6
28. Nf4 Qd7 29. f3 Nd6 30. Kf2 1/2-1/2

[Event "31. Münsterland Open"]
[Site "Senden"]
[Date "2013.10.30"]
[Round "5.4"]
[White "Molinaroli, Martin"]
[Black "Busche, Klaus"]
[Result "1-0"]
[WhiteElo "2289"]
[BlackElo "2069"]
[PlyCount "31"]
[EventDate "2013.??.??"]

1. d4 d5 2. c4 Nc6 3. Nc3 dxc4 4. Nf3 Bg4 5. d5 Bxf3 6. exf3 Ne5 7. Bf4 Ng6 8.
Bxc4 Nf6 9. Bg3 a6 10. O-O Qd7 11. Qb3 O-O-O 12. Rac1 e5 13. dxe6 Qe7 14. Nd5
Nxd5 15. Bxd5 c5 16. Rxc5+ 1-0

[Event "31. Münsterland Open"]
[Site "Senden"]
[Date "2013.10.30"]
[Round "5.5"]
[White "Bub, Volker"]
[Black "Sazanov, Nikolay E"]
[Result "0-1"]
[WhiteElo "2103"]
[BlackElo "2254"]
[PlyCount "120"]
[EventDate "2013.??.??"]

1. Nf3 d5 2. g3 e6 3. Bg2 f5 4. c4 Nf6 5. O-O c6 6. Qc2 Bd6 7. cxd5 exd5 8. Nd4
Qd7 9. Bh3 g6 10. d3 O-O 11. Nc3 Qg7 12. Nf3 Nbd7 13. Rb1 Ne5 14. Nxe5 Bxe5 15.
e3 Qh6 16. Bg2 g5 17. d4 Bd6 18. f4 Ne4 19. b4 a6 20. Na4 Qg7 21. Nb6 Rb8 22.
a4 gxf4 23. gxf4 Kh8 24. Nxc8 Rbxc8 25. Kh1 Rg8 26. Bxe4 fxe4 27. Qe2 Rcf8 28.
Bd2 Rf6 29. Rg1 Rg6 30. Rxg6 Qxg6 31. Qf2 Be7 32. Rg1 Qxg1+ 33. Qxg1 Rxg1+ 34.
Kxg1 Kg7 35. Be1 Kg6 36. h3 b6 37. Kf1 c5 38. bxc5 bxc5 39. dxc5 Bxc5 40. Bf2
Kf5 41. Ke2 Bb6 42. Kd2 d4 43. exd4 Kxf4 44. Ke2 h5 45. Be3+ Kg3 46. d5 Bd8 47.
h4 Kxh4 48. Bf4 Kg4 49. Ke3 Kf5 50. Bb8 Bb6+ 51. Ke2 h4 52. Bd6 h3 53. Bh2 Bd4
54. d6 Ke6 55. Kd2 Bc5 56. Kc3 Bxd6 57. Bg1 h2 58. Bxh2 Bxh2 59. Kd4 Kf5 60. a5
Bc7 0-1

[Event "31. Münsterland Open"]
[Site "Senden"]
[Date "2013.10.30"]
[Round "5.6"]
[White "Kammers, Heribert"]
[Black "Haselhorst, Helmut"]
[Result "1/2-1/2"]
[WhiteElo "2168"]
[BlackElo "2107"]
[PlyCount "111"]
[EventDate "2013.??.??"]

1. d4 Nf6 2. Bg5 e6 3. e3 b6 4. Nf3 Bb7 5. Be2 Be7 6. O-O O-O 7. Nbd2 Ne4 8.
Nxe4 Bxe4 9. Bxe7 Qxe7 10. Nd2 Bb7 11. Bf3 Bxf3 12. Qxf3 Nc6 13. c3 Rae8 14. e4
e5 15. d5 Nb8 16. Qd3 d6 17. a4 Nd7 18. b4 f5 19. a5 Nf6 20. exf5 e4 21. Qd4
Qe5 22. Qxe5 Rxe5 23. axb6 axb6 24. c4 b5 25. Ra7 Rc8 26. Rc1 Rxf5 27. cxb5
Nxd5 28. Nxe4 Rb8 29. Nc3 Nxb4 30. Rxc7 Nd5 31. Nxd5 Rxd5 32. Rd7 Rdxb5 33.
Rxd6 Rb1 34. Rdd1 Rxc1 35. Rxc1 h6 36. g3 Rb2 37. Rc7 Kh7 38. Kg2 Kg6 39. h4 h5
40. Rc6+ Kh7 41. Re6 Ra2 42. Kf3 Rb2 43. Re2 Rb4 44. Re4 Rb2 45. Ke3 Ra2 46. f3
Rg2 47. Kf4 Kh6 48. Re6+ Kh7 49. Re5 Kh6 50. g4 hxg4 51. fxg4 Rf2+ 52. Kg3 Rf1
53. Re6+ Kh7 54. h5 Ra1 55. Kf4 Ra5 56. Re5 1/2-1/2

[Event "31. Münsterland Open"]
[Site "Senden"]
[Date "2013.10.30"]
[Round "5.7"]
[White "Graf, Roland"]
[Black "Ljuboschiz, Alexander"]
[Result "1/2-1/2"]
[WhiteElo "2145"]
[BlackElo "2161"]
[PlyCount "74"]
[EventDate "2013.??.??"]

1. e4 e5 2. Nf3 Nc6 3. Bb5 g6 4. c3 a6 5. Ba4 d6 6. d4 Bd7 7. O-O Bg7 8. Bg5
Nge7 9. dxe5 Nxe5 10. Nxe5 dxe5 11. Bxd7+ Qxd7 12. Qb3 Qb5 13. Nd2 f6 14. Be3
Qxb3 15. Nxb3 b6 16. a4 O-O-O 17. a5 Kb7 18. axb6 cxb6 19. Rfd1 Nc6 20. Nd2 f5
21. exf5 gxf5 22. Nc4 Rxd1+ 23. Rxd1 Rd8 24. Rxd8 Nxd8 25. Nd6+ Kc6 26. Nxf5
Bf8 27. Kf1 b5 28. Ke2 Kd5 29. Kd3 e4+ 30. Kc2 Nc6 31. Bb6 Ne5 32. Ne3+ Kc6 33.
Bd4 Ng6 34. f3 exf3 35. gxf3 Bd6 36. Kd3 Bxh2 37. Ng4 Bf4 1/2-1/2

[Event "31. Münsterland Open"]
[Site "Senden"]
[Date "2013.10.30"]
[Round "5.8"]
[White "Buß, Harald"]
[Black "Böhm, Jürgen"]
[Result "0-1"]
[WhiteElo "1828"]
[BlackElo "2158"]
[PlyCount "138"]
[EventDate "2013.??.??"]

1. f4 d5 2. e3 g6 3. d4 Nf6 4. Be2 Bg7 5. c3 b6 6. Nf3 O-O 7. Ne5 c5 8. O-O Bb7
9. Nd2 Nbd7 10. Ndf3 Ne4 11. Nxd7 Qxd7 12. Nd2 Nd6 13. Bg4 e6 14. Kh1 Ba6 15.
Be2 Bxe2 16. Qxe2 Qc6 17. g3 Rae8 18. Qg2 Qb5 19. Re1 f5 20. a4 Qd7 21. Qe2 Rc8
22. Kg2 Rc7 23. h3 Qe8 24. Rh1 Bf6 25. Nf3 Kh8 26. Bd2 Rg8 27. h4 h6 28. Rhc1
Kg7 29. Rh1 Kf8 30. a5 b5 31. b3 Kg7 32. Bc1 Ne4 33. Bb2 c4 34. b4 Kf8 35. Rh2
Rcg7 36. Rg1 g5 37. fxg5 hxg5 38. h5 Qb8 39. Qe1 g4 40. Nd2 Ng5 41. Rf1 Rh7 42.
Qf2 Be7 43. Bc1 Bd6 44. Rh4 Nh3 45. Qe2 Ke7 46. e4 dxe4 47. Nxe4 Qa8 48. d5
Qxd5 49. Re1 Qxe4+ 50. Qxe4 fxe4 51. Rxe4 Ng5 52. Rexg4 Kf6 53. h6 Kf5 54. Rd4
Be5 55. Rd1 Bxc3 56. Rh5 Bf6 57. Rf1+ Kg6 58. g4 a6 59. Rf4 Be7 60. Be3 Rxh6
61. Rxh6+ Kxh6 62. Re4 Rg6 63. Bd2 Bxb4 64. Bc1 Bxa5 65. Re5 Bc3 66. Re3 Bd4
67. Re1 e5 68. Kg3 Kg7 69. Re2 Ne6 0-1

[Event "31. Münsterland Open"]
[Site "Senden"]
[Date "2013.10.30"]
[Round "5.9"]
[White "Lenaerts, Lennert"]
[Black "Jungbluth, Michael"]
[Result "1/2-1/2"]
[WhiteElo "2147"]
[BlackElo "2000"]
[PlyCount "210"]
[EventDate "2013.??.??"]

1. d4 e6 2. c4 Nf6 3. Nc3 Bb4 4. Qc2 c5 5. dxc5 Bxc5 6. Nf3 Nc6 7. a3 O-O 8. e3
b6 9. Be2 Bb7 10. O-O a6 11. b4 Be7 12. Bb2 Rc8 13. Qb3 Qc7 14. Rac1 d6 15.
Rfd1 Nb8 16. Na4 Nbd7 17. Nd4 Rfd8 18. c5 Bd5 19. cxb6 Qxc1 20. Rxc1 Rxc1+ 21.
Bxc1 Bxb3 22. Nxb3 Rb8 23. Na5 Rc8 24. Bb2 Nb8 25. b7 Rc2 26. Bd3 Rd2 27. Bf1
d5 28. Bd4 Bd6 29. Ba7 Nfd7 30. Nb3 Rc2 31. Nbc5 Nxc5 32. Nxc5 Nc6 33. Bb6 a5
34. b5 Rxc5 35. Bxc5 Bxc5 36. bxc6 Bd6 37. Bd3 Kf8 38. Kf1 h6 39. Ke2 Ke7 40.
a4 Kd8 41. Bh7 Kc7 42. Bg8 Kxc6 43. Bxf7 Kxb7 44. Bxe6 Kc6 45. Kf3 Be5 46. h3
Kc5 47. Kg4 Kd6 48. Bg8 Bc3 49. Kf5 Bb2 50. Kg6 Bc3 51. Bf7 Bb2 52. g4 d4 53.
e4 d3 54. Bc4 d2 55. Be2 Be5 56. Kf5 Bh2 57. h4 Bg1 58. f4 Ke7 59. g5 hxg5 60.
fxg5 Bd4 61. h5 Kd6 62. Bd1 Bc3 63. Bb3 Bd4 64. Bd1 Bc3 65. Bc2 Bd4 66. Bb3 Bc3
67. Kg6 Ke7 68. Kf5 Kd6 69. Kf4 Bb2 70. Bd1 Bd4 71. h6 gxh6 72. gxh6 Be5+ 73.
Kg5 Bh8 74. Kf4 Be5+ 75. Kg4 Bh8 76. Bb3 Ke5 77. Kf3 Kd4 78. Bd1 Be5 79. Bc2
Kc3 80. Bd1 Kd4 81. Be2 Bh8 82. Kf4 Be5+ 83. Kf5 Bh8 84. Bg4 Be5 85. Bh5 Bh8
86. Bd1 Be5 87. Bc2 Bh8 88. Bd1 Be5 89. Bh5 Bh8 90. h7 Be5 91. Bd1 Bh8 92. Bc2
Kc3 93. Bd1 Kd4 94. Kf4 Be5+ 95. Kf3 Bh8 96. Ke2 Kxe4 97. Bc2+ Ke5 98. Kxd2 Bg7
99. Kd3 Kd6 100. Bb3 Bh8 101. Ke4 Ke7 102. Kf5 Kf8 103. Ke6 Bc3 104. Bc2 Kg7
105. h8=B+ Kxh8 1/2-1/2

[Event "31. Münsterland Open"]
[Site "Senden"]
[Date "2013.10.30"]
[Round "5.10"]
[White "Pähtz, Thomas"]
[Black "Santos Brito, Daniel"]
[Result "1-0"]
[WhiteElo "2401"]
[BlackElo "1904"]
[PlyCount "59"]
[EventDate "2013.??.??"]

1. d4 Nf6 2. Nf3 d6 3. g3 g6 4. Bg2 Bg7 5. c4 O-O 6. Nc3 c6 7. O-O Qc7 8. h3
Nbd7 9. e4 Re8 10. Be3 e5 11. Qc2 exd4 12. Nxd4 Ne5 13. b3 Ned7 14. Rad1 Nc5
15. Rfe1 Ne6 16. Nde2 b6 17. f4 Bb7 18. f5 Nc5 19. Bf4 Bf8 20. g4 h5 21. g5
Nfd7 22. b4 Na6 23. Qb3 Ne5 24. Nd4 Kh8 25. Rf1 Qe7 26. a3 Nc7 27. Nf3 Nxc4 28.
Qxc4 Ba6 29. Qd4+ Kg8 30. Rfe1 1-0

[Event "31. Münsterland Open"]
[Site "Senden"]
[Date "2013.10.31"]
[Round "6.1"]
[White "Sazanov, Nikolay E"]
[Black "Müller, Martin"]
[Result "1-0"]
[WhiteElo "2254"]
[BlackElo "2100"]
[PlyCount "103"]
[EventDate "2013.??.??"]

1. d4 Nf6 2. e3 g6 3. f4 Bg7 4. Nf3 O-O 5. c3 d6 6. Bc4 c5 7. O-O Qc7 8. Nbd2
Nc6 9. Qe1 e5 10. fxe5 dxe5 11. Qh4 Qe7 12. d5 Na5 13. e4 b6 14. Be2 Nb7 15.
Nc4 Nd6 16. Bg5 Nxc4 17. Bxc4 h6 18. Bxh6 Bxh6 19. Qxh6 Ng4 20. Qd2 Qd6 21. h3
Nf6 22. Rae1 Kg7 23. Qg5 Re8 24. Nh4 Rh8 25. Nf5+ Bxf5 26. exf5 Rh5 27. Qg3 Re8
28. Rf3 a6 29. a4 g5 30. Rfe3 Nd7 31. Qg4 Kh6 32. Bxa6 e4 33. Rxe4 Nf6 34. Rxe8
Nxg4 35. R8e6+ fxe6 36. Rxe6+ Qxe6 37. fxe6 Nf6 38. d6 Kg7 39. d7 Rh8 40. Bb7
Nxd7 41. exd7 Kf6 42. Kf2 Ke7 43. Bc6 c4 44. Ke3 Rh4 45. Bf3 Kxd7 46. Bg4+ Kc6
47. Kd4 b5 48. a5 Rh8 49. Bf3+ Kd6 50. a6 Rh7 51. Bb7 Rd7 52. a7 1-0

[Event "31. Münsterland Open"]
[Site "Senden"]
[Date "2013.10.31"]
[Round "6.2"]
[White "Meertens, Martin"]
[Black "Molinaroli, Martin"]
[Result "0-1"]
[WhiteElo "2174"]
[BlackElo "2289"]
[PlyCount "94"]
[EventDate "2013.??.??"]

1. e4 c6 2. d4 d5 3. exd5 cxd5 4. c4 Nf6 5. Nc3 g6 6. Qb3 Bg7 7. cxd5 O-O 8.
Be2 a5 9. Bf3 Na6 10. a3 e5 11. dxe6 Bxe6 12. Qd1 Re8 13. Nge2 Qb6 14. O-O Bb3
15. Qd3 Rad8 16. Be3 a4 17. Qb5 Qxb5 18. Nxb5 Nd5 19. Bg5 f6 20. Bd2 Bc4 21.
Nec3 Nxc3 22. Nxc3 Bxf1 23. Kxf1 Rxd4 24. Be3 Rd7 25. Nxa4 f5 26. Rb1 f4 27.
Nb6 Rf7 28. Bd2 Bd4 29. Nd5 Nc5 30. Bxf4 Ne4 31. Rd1 Bxb2 32. Bh6 Bg7 33. Bxg7
Kxg7 34. Rd4 Ng5 35. Bd1 Rd8 36. Bb3 Rfd7 37. h4 Ne6 38. Rd1 Nf4 39. Ne3 Rxd1+
40. Bxd1 Rd4 41. Bc2 b5 42. g3 Ne6 43. h5 Rd6 44. hxg6 hxg6 45. Be4 Rd2 46. Bc2
Nd4 47. Bb1 Rb2 0-1

[Event "31. Münsterland Open"]
[Site "Senden"]
[Date "2013.10.31"]
[Round "6.3"]
[White "Böhm, Jürgen"]
[Black "Beutelhoff, Josef"]
[Result "1-0"]
[WhiteElo "2158"]
[BlackElo "2085"]
[PlyCount "55"]
[EventDate "2013.??.??"]

1. d4 e6 2. e4 d5 3. Nc3 dxe4 4. Nxe4 Nd7 5. Nf3 Ngf6 6. Bd3 c5 7. O-O cxd4 8.
Bg5 Qb6 9. Qe2 h6 10. Nxf6+ gxf6 11. Bh4 Be7 12. Rad1 Qxb2 13. Bc4 e5 14. Rfe1
Qa3 15. Nd2 a6 16. Ne4 Rg8 17. Rd3 Qa5 18. f4 Qc7 19. Rxd4 Qb6 20. c3 Nc5 21.
fxe5 Nxe4 22. exf6 Bc5 23. Qxe4+ Be6 24. Bxe6 Bxd4+ 25. cxd4 fxe6 26. f7+ Kxf7
27. Qh7+ Rg7 28. Rf1+ 1-0